Word Ladder: Time Quiz Stats

Quiz Updated Oct 25, 2015

Challenge
Share
Tweet
Embed
Score 0/42 Timer 04:00
1 Play Today
Hint 4-Letter Word % Correct
* 365 days ** YEAR *
99.8%
* 7 days ** WEEK *
99.4%
Lacking strengthWEAK
98.3%
Use clothingWEAR
97.2%
* Clock reading ** TIME *
95.6%
Green citrus fruitLIME
95.5%
Look forSEEK
94.7%
* Common lunchtime ** NOON *
94.6%
Nose mucus, informallySNOT
94.1%
Part of a staircaseSTEP
93.3%
* Any minute now ** SOON *
93.3%
A spare is often in the trunkTIRE
93.1%
Chimney grimeSOOT
93.1%
* 3:30, or ___ past three** HALF *
92.9%
* Tardy ** LATE *
92.6%
Icy cold precipitationSNOW
92.1%
* ____: Hammer Time! ** STOP *
91.7%
Leak slowly, oozeSEEP
91.6%
CounterfeitFAKE
91.4%
* A particular day, month, and year ** DATE *
91.3%
UnaccompaniedLONE
91.2%
Hint 4-Letter Word % Correct
* International Date ____ ** LINE *
91%
Young cowCALF
90.9%
Erie or HuronLAKE
90.4%
* EST or PST: time ____ ** ZONE *
89.3%
CorridorHALL
89.3%
Pack awaySTOW
88.2%
Fishing line attachmentHOOK
87.4%
TranquilCALM
87.4%
Hand partPALM
87.4%
Goose soundHONK
86.5%
Secluded spotNOOK
85%
ChallengeDARE
85%
Potentially disastrousDIRE
84.6%
Bottom of a boatHULL
83.6%
AshenPALE
80%
'Let's Make a Deal' booby prizeZONK
79.6%
Temporary quiet intervalLULL
75.8%
* Analog watch or clock part ** FACE *
74.5%
TempoPACE
73.8%
'To Sir With Love' singerLULU
54.3%
* Coordinated Universal or Military time ** ZULU *
39%

Today's Daily Dose

Missing Word
NPR Programs

Quick Pick
1991 Events

On This Day
June 18th II

You're not logged in!

Compare scores with friends on all Sporcle quizzes.
Join for Free
OR
Log In

You Might Also Like...

Show Comments

Extras

Top Quizzes Today


Score Distribution

Your Account Isn't Verified!

In order to create a playlist on Sporcle, you need to verify the email address you used during registration. Go to your Sporcle Settings to finish the process.

Report this User

Report this user for behavior that violates our Community Guidelines.

Details: